|
|
|
|
| LEADER |
00000nam1a2200000 4500 |
| 001 |
336676 |
| 005 |
20231102004858.0 |
| 020 |
|
|
|a RU
|b 86-6586
|
| 035 |
|
|
|a (RuTPU)RU\TPU\book\363105
|
| 035 |
|
|
|a RU\TPU\book\302277
|
| 090 |
|
|
|a 336676
|
| 100 |
|
|
|a 20171019d1978 k y0rusy5003 ca
|
| 101 |
0 |
|
|a rus
|
| 200 |
1 |
|
|a Исследование операций и аналитическое проектирование в технике
|h Вып. 1
|e межвузовский сборник
|f Казанский авиационный институт им. А. Н. Туполева (КАИ) ; под ред. Ю. В. Кожевникова
|
| 210 |
|
|
|a Казань
|c Изд-во КАИ
|d 1978
|
| 215 |
|
|
|a 89 с.
|c ил.
|
| 606 |
1 |
|
|a Автоматические системы управления
|x Проектирование
|2 stltpush
|3 (RuTPU)RU\TPU\subj\842
|9 29648
|
| 606 |
1 |
|
|a Технологическое проектирование
|x Математические методы
|x Системные методы
|2 stltpush
|3 (RuTPU)RU\TPU\subj\60148
|9 77637
|
| 610 |
1 |
|
|a технические системы сложные
|
| 610 |
1 |
|
|a операций исследование
|
| 610 |
1 |
|
|a аналитическое проектирование
|
| 610 |
1 |
|
|a исследование
|
| 610 |
1 |
|
|a аналитическое проектирование
|
| 610 |
1 |
|
|a принятие решений
|
| 610 |
1 |
|
|a нечеткие системы
|
| 610 |
1 |
|
|a эскизные проработки
|
| 610 |
1 |
|
|a АСУ
|
| 610 |
1 |
|
|a векторная оптимизация
|
| 610 |
1 |
|
|a программное управление
|
| 610 |
1 |
|
|a размытые множества
|
| 610 |
1 |
|
|a энтропия
|
| 610 |
1 |
|
|a оптимальное проектирование
|
| 610 |
1 |
|
|a метод наименьших квадратов
|
| 675 |
|
|
|a 681.51.001.6
|z rus
|v 3
|
| 675 |
|
|
|a 658.512
|z rus
|v 3
|
| 702 |
|
1 |
|a Кожевников
|b Ю. В.
|g Юрий Васильевич
|4 340
|
| 712 |
0 |
2 |
|a Казанский авиационный институт им. А. Н. Туполева (КАИ)
|c (1932-1992)
|2 stltpush
|3 (RuTPU)RU\TPU\col\10046
|
| 801 |
|
0 |
|a RU
|b 63413507
|c 19950704
|g psbo
|
| 801 |
|
1 |
|a RU
|b 63413507
|c 20141216
|
| 801 |
|
2 |
|a RU
|b 63413507
|c 20171023
|g RCR
|
| 942 |
|
|
|c BK
|